| 000 | 00384cam a22001217a 4500 | ||
|---|---|---|---|
| 008 | 180718b1965 xxu||||| |||| 00| 0 eng d | ||
| 082 | _aT25084 Se43 | ||
| 100 | _aSeiler, Robert E. | ||
| 245 |
_aImproving the effectiveness of research and development _cby Robert E. Seiler |
||
| 260 |
_aNew York _bMcGraw- Hill _c1965 |
||
| 300 | _ax, 210p. | ||
| 650 | _aResearch, Industrial --Management | ||
| 999 |
_c430915 _d430915 |
||